Valuation for M&A building value in private companies

Saved in:
Bibliographic Details
Main Author: Mellen, Chris M.
Other Authors: Evans, Frank C.
Format: Book
Language:English
Published: Hoboken John Wiley & Sons, Inc. 2010
Edition:2nd ed.
Subjects:
Tags: Add Tag
No Tags, Be the first to tag this record!

MARC

LEADER 00000nam a2200000 4500
001 0135404
005 20221207093917.1
020 |a 978-0-470-60441-0 
041 0 |a eng 
044 |a US 
245 1 0 |a Valuation for M&A  |b building value in private companies  |c Chris M. Mellen, Frank C. Evans 
250 |a 2nd ed. 
264 1 |a Hoboken  |b John Wiley & Sons, Inc.  |c 2010 
300 |a xv, 383 s. 
610 2 0 |a hodnota 
610 2 0 |a hodnota podniku 
610 2 0 |a oceňovanie 
610 2 0 |a fúzie 
610 2 0 |a akvizícia 
610 2 0 |a predaj 
610 2 0 |a podnik súkromný 
610 2 0 |a plánovanie 
610 2 0 |a štúdie prípadové 
100 1 |a Mellen, Chris M. 
700 1 |a Evans, Frank C.